00631nam a2200205Ia 4500008004100000050001600041100001700057245001700074245005100091260001200142260002700154260001100181300001400192300002500206300001000231440002400241650003600265999001900301952010500320180207s9999 xx 000 0 und d bA798 [2003] aAsahi, Isamu aSnow white / cby Isamu Asahi ; illustrated by Hiroaki Ikeda. aTokyo : bFroebel-kan Co., Ltd., c[2003] aunpaged : bcolor illustration ; c20cm. aFairy tale origami. aWith 15 colores origami papers. c355774d355774 001040aSSISMbSSISMd2018-02-07l0oER A798 [2003]pSSISM5319r2018-02-07 00:00:00w2018-02-07yBK